Historia del Arte argentino (Record no. 113894)

MARC details
000 -LEADER
campo de control de longitud fija 00485nam a2200145 4500
001 - NÚMERO DE CONTROL
campo de control 113894
003 - IDENTIFICADOR DE NÚMERO DE CONTROL
campo de control ES-MaACL
007 - CAMPO FIJO DE DESCRIPCIÓN FÍSICA--INFORMACIÓN GENERAL
campo de control de longitud fija t|
008 - DATOS DE LONGITUD FIJA--INFORMACIÓN GENERAL
campo de control de longitud fija 061121s1944 ag r ||||1| spa d
100 1# - ENTRADA PRINCIPAL--NOMBRE DE PERSONA
Nombre de persona Pagano, José León.
9 (RLIN) 88256
245 10 - MENCIÓN DEL TÍTULO
Título Historia del Arte argentino
Resto del título : desde los aborígenes al momento actual /
Mención de responsabilidad, etc. José León Pagano.
260 ## - PUBLICACIÓN, DISTRIBUCIÓN, ETC.
Lugar de publicación, distribución, etc. Buenos Aires :
Nombre del editor, distribuidor, etc. L'Amateur,
Fecha de publicación, distribución, etc. 1944.
300 ## - DESCRIPCIÓN FÍSICA
Extensión XVII, 507 p. 2 láms. col. I-XXVIII :
Otras características físicas il ;
Dimensiones 29 cm.
852 ## - LOCALIZACIÓN
Ubicación ES-MaACL
Número de control de estantería B-800
Sublocalización o colección R.23625
Holdings
Estatus retirado Estado de pérdida Estado de daño No para préstamo Biblioteca de origen Biblioteca actual Ubicación en estantería Fecha de adquisición Fuente de adquisición Total de préstamos Signatura topográfica completa Código de barras Visto por última vez Precio de reemplazo Tipo de ítem Koha
        Biblioteca del Ateneo de Madrid Biblioteca del Ateneo de Madrid Sala Pardo Bazán 17/01/2008     B-800 1118782 23/02/2023 23/02/2023 Libro impreso